000
00290nam a2200109Ia 4500
008
171211s9999 xx 000 0 und d
245
_a
Defensive Pistol Fundamentals
245
_c
Grant Cunningham
260
_c
2014
650
_x
Military
856
_u
http://down.ebook777.com/DefPisFun.pdf
999
_c
348309
_d
348309